=LDR 00000nam 2200000 4500 =001 INLIS000000000019999 =005 20130612115010 =008 ***********************************Ind** =035 ##$$0010-061300000019999 =041 ##$$a Ind =082 ##$$a 347.05 =090 ##$$a 347.05, Ras h =100 ##$$a Rasaid, M.Nor =245 ##$$a Hukum acara perdata, M. Nor Rasaid =260 ##$$a 1995 $b jakarta =300 ##$$a x, 94 hlm, 21 cm =650 ##$$a Hukum acara Perdata =850 ##$$a NBPNMAT =990 ##$$a 0001/BPAP-NTB/20142015